000
00318nam a22001337a 4500
020
_a
978-96-80081-23-6
082
_a
305.6297054 BAH
100
_a
Bahauddin K.M.
245
_a
Kerala Muslim History: A Revisit
260
_a
Kerala
_b
Other Books
_c
2012
300
_a
253
650
_a
Muslim-India-Kerala
942
_c
BK
999
_c
20723
_d
20723